[Event "Tournoi francophone 020C"]
[Site "Skype"]
[Date "????.??.??"]
[Round "7.3"]
[White "Rivalta, Paolo"]
[Black "De Coninck, Philippe"]
[Result "1/2-1/2"]
[WhiteElo "1143"]
[BlackElo "1290"]
[PlyCount "110"]

1. e4 e5 2. Nf3 Nc6 3. Bb5 Nf6 4. Nc3 a6 5. Bc4 d6 6. O-O Ng4 7. h3 h5 8. d3
Be7 9. Nd5 Be6 10. Nxe7 Qxe7 11. Bg5 Nf6 12. Bxe6 Qxe6 13. c3 Nh7 14. Bh4 f6
15. d4 exd4 16. cxd4 Ne7 17. Re1 g5 18. Bg3 g4 19. d5 Qf7 20. Nd4 gxh3 21. gxh3
Ng5 22. Nf3 Nxh3+ 23. Kh2 Ng5 24. Nxg5 fxg5 25. Kg2 h4 26. Bh2 Ng6 27. Qg4 Nf4+
28. Kh1 Qh5 29. Qxh5+ Rxh5 30. Bxf4 gxf4 31. e5 dxe5 32. Rg1 O-O-O 33. Rg7 e4
34. Rc1 c6 35. dxc6 b6 36. Ra7 Rc5 37. Rxc5 bxc5 38. Rxa6 Kc7 39. Kh2 e3 40.
fxe3 fxe3 41. Ra7+ Kxc6 42. Re7 Rd2+ 43. Kh3 e2 44. Kxh4 Rxb2 45. a4 Ra2 46.
Kg3 Rxa4 47. Rxe2 c4 48. Kf3 c3 49. Rc2 Rc4 50. Ke3 Kb5 51. Kd3 Kb4 52. Rc1 Rc5
53. Rb1+ Ka3 54. Kc2 Ka2 55. Rb3 Rc4 1/2-1/2

[Event "Tournoi francophone 020C"]
[Site "Skype"]
[Date "????.??.??"]
[Round "7.5"]
[White "L'Herbon De Lussats, Jean"]
[Black "Valmalette, Alain"]
[Result "1-0"]
[WhiteElo "1224"]
[BlackElo "1300"]
[PlyCount "67"]

1. c4 e5 2. Nc3 Nf6 3. g3 g6 4. Bg2 Bg7 5. e3 e4 6. Nxe4 O-O 7. Ne2 d6 8. d4
Re8 9. N4c3 c6 10. O-O Nbd7 11. b4 Rb8 12. a4 a6 13. Ba3 Qc7 14. b5 axb5 15.
axb5 c5 16. Qb3 cxd4 17. Nxd4 b6 18. Nd5 Nxd5 19. Bxd5 Re7 20. Rfd1 Bb7 21. Ra2
Nf6 22. Nc6 Bxc6 23. Bxc6 Ng4 24. Bxd6 Qd8 25. Bxb8 Qxb8 26. Ra8 Qxa8 27. Bxa8
Ne5 28. Rd8+ Bf8 29. Bd5 Kh8 30. Rxf8+ Kg7 31. Rb8 Nd7 32. Qc3+ f6 33. Rb7 h5
34. Qb4 1-0

[Event "Tournoi francophone 020C"]
[Site "Skype"]
[Date "????.??.??"]
[Round "8.3"]
[White "De Coninck, Philippe"]
[Black "Farfallini, Michel"]
[Result "1-0"]
[WhiteElo "1290"]
[BlackElo "1404"]
[PlyCount "45"]

1. e4 e5 2. Nf3 Nc6 3. Bb5 a6 4. Bxc6 dxc6 5. h3 Bd6 6. O-O Ne7 7. d4 f6 8.
dxe5 fxe5 9. Bg5 Qd7 10. Nbd2 h6 11. Bxe7 Qxe7 12. Nc4 Bc5 13. Ncxe5 Be6 14.
Ng6 Qf6 15. Nxh8 Bd6 16. e5 Bxe5 17. Nxe5 Qxe5 18. Re1 Qf6 19. Qh5+ g6 20.
Qxg6+ Qxg6 21. Nxg6 Kf7 22. Nf4 Rg8 23. Nxe6 1-0

[Event "Tournoi francophone 020C"]
[Site "Skype"]
[Date "????.??.??"]
[Round "8.4"]
[White "Nicolini, Francesco"]
[Black "Rivalta, Paolo"]
[Result "1-0"]
[WhiteElo "1344"]
[BlackElo "1143"]
[PlyCount "92"]

1. Nf3 d5 2. g3 Nf6 3. Bg2 Bg4 4. d4 e6 5. O-O Nc6 6. h3 Bh5 7. Bg5 h6 8. Bf4
Bd6 9. Ne5 Bxe5 10. dxe5 Nd7 11. c3 O-O 12. Nd2 Ndxe5 13. Qc1 Qf6 14. Re1 Rad8
15. Be3 a6 16. Nb3 b6 17. Nd4 Nxd4 18. cxd4 Nc4 19. Bf4 Rc8 20. e4 Qxd4 21.
exd5 exd5 22. b3 Nb2 23. Be5 Qxf2+ 24. Kxf2 Nd3+ 25. Kg1 Nxc1 26. Raxc1 c6 27.
Bd4 c5 28. Bf2 d4 29. Bb7 Rcd8 30. g4 Bg6 31. Bxa6 d3 32. Rcd1 d2 33. Re2 Ra8
34. Bc4 Rxa2 35. Rexd2 Raa8 36. Rd6 Bc2 37. R1d2 Ra1+ 38. Kh2 Be4 39. Rxb6 Re8
40. Re2 g6 41. Bd5 Rh1+ 42. Kg3 h5 43. Rxe4 Rd8 44. Rxg6+ Kh7 45. Bxf7 Rd3+ 46.
Re3 Rd5 1-0

[Event "Tournoi francophone 020C"]
[Site "Skype"]
[Date "????.??.??"]
[Round "8.5"]
[White "Scata, Laura"]
[Black "Vello, Pablo"]
[Result "1/2-1/2"]
[WhiteElo "1370"]
[BlackElo "1190"]
[PlyCount "51"]

1. d4 Nf6 2. Nf3 d5 3. e3 e6 4. Bd3 b6 5. c3 Bb7 6. Nbd2 Nbd7 7. Ne5 Ne4 8. O-O
Nxd2 9. Qxd2 Nf6 10. Qe2 a6 11. h3 Ne4 12. Bxe4 dxe4 13. b3 Be7 14. Bb2 O-O 15.
c4 a5 16. Qd1 Bf6 17. f4 exf3 18. Nxf3 Bg5 19. Bc1 Bf6 20. Bb2 Qe7 21. Qc2 Bg5
22. Bc1 Bxf3 23. Rxf3 Rad8 24. Qe4 f5 25. Qc6 Qd7 26. Qxd7 1/2-1/2

[Event "Tournoi francophone 020C"]
[Site "Skype"]
[Date "????.??.??"]
[Round "9.1"]
[White "Vello, Pablo"]
[Black "Prieto Umba, Jairo Ovidio"]
[Result "1-0"]
[WhiteElo "1190"]
[BlackElo "1304"]
[PlyCount "95"]

1. d4 d5 2. Nc3 Bf5 3. Bf4 a6 4. f3 e6 5. e3 Bd6 6. Bxd6 Qxd6 7. g4 Bg6 8. h4
h5 9. g5 f6 10. gxf6 Nxf6 11. Nge2 Nc6 12. Nf4 Bf5 13. Bd3 O-O-O 14. Bxf5 exf5
15. Qd3 Qd7 16. O-O-O Rhe8 17. Na4 Kb8 18. Nc5 Qc8 19. Qb3 Na5 20. Qc3 Nc4 21.
Rhe1 b6 22. Nb3 Rd6 23. Nd2 Rc6 24. Nxc4 Rxc4 25. Qd2 Rc6 26. Ng6 Nd7 27. Nf4
Nf6 28. Qg2 Qd7 29. Ng6 Rd6 30. Ne5 Qe7 31. Ng6 Qf7 32. Ne5 Qe7 33. Qg5 Rh8 34.
Ng6 Qd7 35. Nxh8 Nh7 36. Qxh5 g6 37. Nxg6 Qf7 38. Rg1 Nf8 39. Nf4 Qd7 40. Rg8
Rf6 41. Rdg1 Kb7 42. R1g7 Qc6 43. Ng6 Ne6 44. Ne7 Nxg7 45. Rxg7 Qe6 46. Qg5 Rf8
47. Ng6 Re8 48. Re7 1-0

[Event "Tournoi francophone 020C"]
[Site "Skype"]
[Date "????.??.??"]
[Round "9.2"]
[White "Rivalta, Paolo"]
[Black "Scata, Laura"]
[Result "1-0"]
[WhiteElo "1143"]
[BlackElo "1370"]
[PlyCount "55"]

1. e4 c6 2. Nf3 d5 3. e5 Bf5 4. d4 e6 5. Bg5 Qb6 6. b3 c5 7. a4 Nc6 8. Bb5 a6
9. Bxc6+ bxc6 10. a5 Qb4+ 11. Bd2 Qb8 12. O-O Bg4 13. h3 Bxf3 14. Qxf3 cxd4 15.
Qd3 c5 16. c4 Ne7 17. cxd5 Nxd5 18. Na3 Nb4 19. Qc4 Qxe5 20. Bxb4 cxb4 21. Qc6+
Ke7 22. Qxa8 bxa3 23. Rxa3 g6 24. Qxa6 Bg7 25. Qb7+ Kf6 26. a6 Rb8 27. Qf3+ Ke7
28. a7 1-0

[Event "Tournoi francophone 020C"]
[Site "Skype"]
[Date "????.??.??"]
[Round "9.3"]
[White "Farfallini, Michel"]
[Black "Nicolini, Francesco"]
[Result "0-1"]
[WhiteElo "1404"]
[BlackElo "1344"]
[PlyCount "70"]

1. e4 Nf6 2. Nc3 d5 3. exd5 Nxd5 4. Qf3 Nb4 5. Bb5+ c6 6. Ba4 e6 7. a3 Nd5 8.
Nge2 Nd7 9. d4 Qa5 10. O-O Be7 11. b4 Qd8 12. Nxd5 cxd5 13. Bb3 O-O 14. c3 Nf6
15. Bc2 Bd7 16. Qg3 Re8 17. Bh6 Nh5 18. Qd3 g6 19. Ng3 Bg5 20. Nxh5 Bxh6 21.
Nf6+ Qxf6 22. Qg3 a6 23. f4 Qe7 24. Rae1 Qd6 25. Qh4 Kg7 26. Rf3 Qe7 27. Rh3
Qxh4 28. Rxh4 g5 29. Rg4 f6 30. fxg5 fxg5 31. h4 Kf7 32. hxg5 Rg8 33. Rf1+ Ke7
34. Bxh7 Rg7 35. Bg6 Rxg6 0-1

[Event "Tournoi francophone 020C"]
[Site "Skype"]
[Date "????.??.??"]
[Round "9.4"]
[White "L'Herbon De Lussats, Jean"]
[Black "De Coninck, Philippe"]
[Result "0-1"]
[WhiteElo "1224"]
[BlackElo "1290"]
[PlyCount "76"]

1. d4 e5 2. dxe5 Nc6 3. Bf4 Qe7 4. Nf3 Qb4+ 5. Nbd2 Qxf4 6. e3 Qb4 7. b3 Qc3 8.
Bc4 Nxe5 9. Nxe5 Qxe5 10. O-O d5 11. Nf3 Qd6 12. Bd3 Bg4 13. Re1 O-O-O 14. h3
Bh5 15. a4 Bg6 16. Bb5 Nf6 17. a5 a6 18. Ba4 Ne4 19. Qd4 Qc5 20. c4 Qxd4 21.
Nxd4 dxc4 22. bxc4 Bc5 23. Nb3 Ba7 24. Rec1 Rd3 25. c5 Nc3 26. c6 Ne2+ 27. Kf1
Nxc1 28. Rxc1 Rhd8 29. cxb7+ Kb8 30. Ke2 f6 31. Nd4 Bxd4 32. exd4 R8xd4 33. Bc6
Rd2+ 34. Ke3 f5 35. g3 Bh5 36. f3 g5 37. h4 f4+ 38. gxf4 gxf4# 0-1